[Event "Titled Tuesday intern op 11th Apr Early"]
[Site "Chess.com INT"]
[Date "2023.04.11"]
[Round "1"]
[White "Kaidanov, Gregory S"]
[Black "Havas, Ladislav"]
[Result "0-1"]
[WhiteElo "2559"]
[BlackElo "2202"]
[PlyCount "26"]
[EventDate "2023.04.11"]
[EventType "swiss (blitz)"]
[EventRounds "11"]
[EventCountry "USA"]
[SourceTitle "CBM 213 Extra"]
[Source "ChessBase"]
[SourceDate "2023.05.31"]
[SourceVersion "1"]
[SourceVersionDate "2023.05.31"]
[SourceQuality "1"]

1. Nf3 Nf6 2. g3 g6 3. b3 Bg7 4. Bb2 0-0 5. Bg2 d6 6. d4 Nbd7 7. 0-0 e5 8. dxe5 Ng4 9. c4 Ngxe5 10. Qd2 Nxf3+ 11. Bxf3 Bxb2 12. Qxb2 Qf6 13. Bg2 Qxb2 0-1

[Event "Titled Tuesday intern op 29th Nov Early"]
[Site "Chess.com INT"]
[Date "2022.11.29"]
[Round "1"]
[White "Hambleton, Aman"]
[Black "Havas, Ladislav"]
[Result "1-0"]
[WhiteElo "2437"]
[BlackElo "2195"]
[PlyCount "111"]
[EventDate "2022.11.29"]
[EventType "swiss (blitz)"]
[EventRounds "11"]
[EventCountry "USA"]
[SourceTitle "EXT 2024"]
[Source "ChessBase"]
[SourceDate "2023.10.10"]
[SourceVersion "1"]
[SourceVersionDate "2023.10.10"]
[SourceQuality "1"]

1. d4 Nf6 2. Bf4 c5 3. e3 d5 4. c3 Nc6 5. Nd2 Qb6 6. Qb3 c4 7. Qc2 Bg4 8. e4 e6 9. Ne2 Be7 10. Ng3 dxe4 11. Nxc4 Qd8 12. Nxe4 0-0 13. Bd3 h6 14. h3 Bf5 15. Nxf6+ Bxf6 16. Bxf5 exf5 17. Qxf5 Re8+ 18. Be3 Nxd4 19. cxd4 Qxd4 20. Rc1 g6 21. Qg4 Qd3 22. Qd1 Qe4 23. 0-0 Rad8 24. Qf3 Qe7 25. a4 b6 26. Bxh6 Qb4 27. b3 Bh8 28. Be3 Rd3 29. h4 Qxb3 30. h5 g5 31. h6 f6 32. Qf5 Kf7 33. Qh7+ Ke6 34. Qe4+ Kf7 35. Qb7+ Re7 36. Qa8 Re8 37. Qb7+ Re7 38. Qb8 Re8 39. Nd6+ Rxd6 40. Qxd6 Kg6 41. Rc7 Kxh6 42. Rd7 Qxa4 43. Qd3 Qe4 44. Qxe4 Rxe4 45. Rxa7 b5 46. Rb7 b4 47. Rb1 f5 48. R7xb4 Re5 49. Rb6+ Kh5 50. g3 f4 51. gxf4 gxf4 52. Bxf4 Rf5 53. R1b5 Rxb5 54. Rxb5+ Kg4 55. Be5 Bxe5 56. Rxe5 1-0

[Event "Titled Tuesday intern op 29th Nov Early"]
[Site "Chess.com INT"]
[Date "2022.11.29"]
[Round "7"]
[White "Havas, Ladislav"]
[Black "Principe, Gerson"]
[Result "1/2-1/2"]
[WhiteElo "2195"]
[BlackElo "2229"]
[PlyCount "133"]
[EventDate "2022.11.29"]
[EventType "swiss (blitz)"]
[EventRounds "11"]
[EventCountry "USA"]
[SourceTitle "EXT 2024"]
[Source "ChessBase"]
[SourceDate "2023.10.10"]
[SourceVersion "1"]
[SourceVersionDate "2023.10.10"]
[SourceQuality "1"]

1. d4 Nf6 2. Bg5 e6 3. Nc3 d5 4. e4 dxe4 5. Nxe4 Be7 6. Bxf6 Bxf6 7. Nf3 Nd7 8. c3 Be7 9. Bd3 c6 10. Qe2 b6 11. Rd1 Bb7 12. 0-0 Qc7 13. Rfe1 0-0 14. h3 c5 15. dxc5 Nxc5 16. Nxc5 Bxc5 17. Ne5 Rad8 18. Bb1 Rxd1 19. Rxd1 Rd8 20. Rxd8+ Qxd8 21. b4 Qd5 22. Bxh7+ Kf8 23. Nf3 Be7 24. Bb1 Bf6 25. c4 Qd6 26. a3 a5 27. bxa5 bxa5 28. Qd3 Qc6 29. h4 e5 30. Qd5 Qxd5 31. cxd5 Bxd5 32. h5 Ke7 33. Nd2 Kd7 34. Ne4 Be7 35. Nc3 Bb3 36. Bf5+ Kd8 37. g4 Bxa3 38. g5 Bc1 39. h6 gxh6 40. gxh6 Bxh6 41. Ne4 a4 42. Nc5 Bd2 43. Nxb3 axb3 44. Bb1 Ke7 45. Kf1 Kd6 46. Ke2 Bf4 47. Kd3 Kc5 48. Kc3 Bh2 49. Kxb3 Kd4 50. f3 f5 51. Bxf5 Ke3 52. Be4 Kf4 53. Kc4 Bg3 54. Kd5 Bh2 55. Kd6 Bg3 56. Kd5 Bf2 57. Kd6 Be3 58. Kd5 Bf2 59. Kd6 Bd4 60. Kd5 Be3 61. Kc4 Bd4 62. Kd3 Be3 63. Ke2 Bd4 64. Ke1 Be3 65. Ke2 Bd4 66. Kd3 Be3 67. Ke2 1/2-1/2

[Event "Titled Tuesday intern op 29th Nov Early"]
[Site "Chess.com INT"]
[Date "2022.11.29"]
[Round "10"]
[White "Havas, Ladislav"]
[Black "Shapiro, Daniel E"]
[Result "1-0"]
[WhiteElo "2195"]
[BlackElo "2284"]
[PlyCount "65"]
[EventDate "2022.11.29"]
[EventType "swiss (blitz)"]
[EventRounds "11"]
[EventCountry "USA"]
[SourceTitle "EXT 2024"]
[Source "ChessBase"]
[SourceDate "2023.10.10"]
[SourceVersion "1"]
[SourceVersionDate "2023.10.10"]
[SourceQuality "1"]

1. d4 Nf6 2. Bg5 Ne4 3. h4 c5 4. dxc5 Qa5+ 5. Nd2 Nxg5 6. hxg5 Qxc5 7. g6 fxg6 8. e3 e6 9. Bd3 Qg5 10. Ngf3 Qxg2 11. Rh2 Qg4 12. Rh4 Qxh4 13. Nxh4 Be7 14. Qg4 Nc6 15. 0-0-0 d5 16. Rh1 e5 17. Qg2 e4 18. Bb5 0-0 19. a3 g5 20. Nxe4 gxh4 21. Ng5 Rf5 22. Nf3 Bd7 23. Bxc6 bxc6 24. Nd4 Rg5 25. Qf1 h3 26. Rxh3 Bxh3 27. Qxh3 Bf6 28. Qe6+ Kh8 29. Qxc6 Rf8 30. Ne6 Rg1+ 31. Kd2 Rg8 32. Qxd5 h5 33. Qxh5# 1-0

[Event "Titled Tuesday intern op 22 Mar Late"]
[Site "Chess.com INT"]
[Date "2022.03.22"]
[Round "4"]
[White "Havas, Ladislav"]
[Black "Godzwon, Iwo"]
[Result "0-1"]
[WhiteElo "2216"]
[BlackElo "2321"]
[PlyCount "82"]
[EventDate "2022.03.22"]
[EventType "swiss (blitz)"]
[EventRounds "11"]
[EventCountry "USA"]
[SourceTitle "CBM 207 Extra"]
[Source "ChessBase"]
[SourceDate "2022.05.31"]
[SourceVersion "1"]
[SourceVersionDate "2022.05.31"]
[SourceQuality "1"]

1. d4 Nf6 2. Bg5 d5 3. Bxf6 exf6 4. e3 Bd6 5. g3 0-0 6. Bg2 c6 7. Ne2 Bf5 8. 0-0 Re8 9. Nd2 Nd7 10. b3 Qa5 11. Nf3 Ba3 12. Nf4 Bb2 13. Rb1 Qxa2 14. Nd3 Bc3 15. Nh4 Be4 16. Bxe4 Rxe4 17. Nf5 Qa3 18. b4 g6 19. Nd6 Qa6 20. Nxe4 dxe4 21. Nc5 Nxc5 22. bxc5 Qc4 23. Rxb7 a5 24. Qb1 a4 25. Rb8+ Rxb8 26. Qxb8+ Kg7 27. Qa7 Bb2 28. Qb8 a3 29. Kg2 Qxc2 30. d5 cxd5 31. Qa7 Qc4 32. Rb1 d4 33. exd4 Qxd4 34. Qb6 e3 35. fxe3 Qe4+ 36. Kh3 Qxb1 37. c6 a2 38. c7 Qf5+ 39. g4 Qf3+ 40. Kh4 g5+ 41. Kh5 a1Q 0-1

[Event "Titled Tuesday intern op 22 Mar Late"]
[Site "Chess.com INT"]
[Date "2022.03.22"]
[Round "2"]
[White "Postnikov, Daniil"]
[Black "Havas, Ladislav"]
[Result "1-0"]
[WhiteElo "2360"]
[BlackElo "2216"]
[PlyCount "73"]
[EventDate "2022.03.22"]
[EventType "swiss (blitz)"]
[EventRounds "11"]
[EventCountry "USA"]
[SourceTitle "CBM 207 Extra"]
[Source "ChessBase"]
[SourceDate "2022.05.31"]
[SourceVersion "1"]
[SourceVersionDate "2022.05.31"]
[SourceQuality "1"]

1. e4 Nf6 2. e5 Nd5 3. d4 d6 4. Nf3 Bg4 5. Be2 c6 6. 0-0 Bxf3 7. Bxf3 dxe5 8. dxe5 e6 9. Qe2 Nd7 10. c4 Ne7 11. Bf4 Ng6 12. Bg3 Qc7 13. Re1 Bb4 14. Nc3 Bxc3 15. bxc3 0-0-0 16. a4 Nc5 17. a5 Nd3 18. Reb1 a6 19. Be4 Nc5 20. Bc2 h5 21. h4 Ne7 22. Qe3 Nd7 23. f4 Nf5 24. Bxf5 exf5 25. Bf2 c5 26. Rd1 Rh6 27. Rd5 Rc6 28. Rad1 Qxa5 29. Qd3 Rc7 30. Qxf5 Qa4 31. Qxf7 Qxc4 32. e6 Qxc3 33. Rxd7 Rcxd7 34. Rxd7 Rxd7 35. Qxd7+ Kb8 36. Qd6+ Ka8 37. e7 1-0

[Event "Titled Tuesday intern op 08th Mar Early"]
[Site "Chess.com INT"]
[Date "2022.03.08"]
[Round "4"]
[White "Havas, Ladislav"]
[Black "Demin, Vladimir"]
[Result "1-0"]
[WhiteElo "2216"]
[BlackElo "2430"]
[PlyCount "47"]
[EventDate "2022.03.08"]
[EventType "swiss (blitz)"]
[EventRounds "11"]
[EventCountry "USA"]
[SourceTitle "CBM 207 Extra"]
[Source "ChessBase"]
[SourceDate "2022.05.31"]
[SourceVersion "1"]
[SourceVersionDate "2022.05.31"]
[SourceQuality "1"]

1. d4 Nf6 2. Bg5 Ne4 3. h4 d5 4. Nd2 h6 5. Bf4 c5 6. Nxe4 dxe4 7. dxc5 Qxd1+ 8. Rxd1 Nc6 9. c3 e5 10. Be3 f5 11. g3 Be6 12. b3 Be7 13. Bg2 0-0 14. h5 f4 15. gxf4 exf4 16. Bc1 Bf5 17. Bxf4 Bxc5 18. e3 Rad8 19. Rxd8 Rxd8 20. Ne2 Rd3 21. 0-0 Rd2 22. Ng3 Bg4 23. Nxe4 Be7 24. Nxd2 1-0

[Event "Titled Tuesday intern op 08th Mar Early"]
[Site "Chess.com INT"]
[Date "2022.03.08"]
[Round "11"]
[White "Havas, Ladislav"]
[Black "Ezat, Mohamed Mahmoud"]
[Result "1/2-1/2"]
[WhiteElo "2216"]
[BlackElo "2393"]
[PlyCount "122"]
[EventDate "2022.03.08"]
[EventType "swiss (blitz)"]
[EventRounds "11"]
[EventCountry "USA"]
[SourceTitle "CBM 207 Extra"]
[Source "ChessBase"]
[SourceDate "2022.05.31"]
[SourceVersion "1"]
[SourceVersionDate "2022.05.31"]
[SourceQuality "1"]

1. d4 Nf6 2. Bg5 c5 3. d5 Qb6 4. Nc3 Qxb2 5. Bd2 Qb6 6. e4 d6 7. f4 a6 8. Nf3 Bg4 9. Rb1 Qc7 10. Be2 Nbd7 11. a4 g6 12. h3 Bxf3 13. Bxf3 Bg7 14. 0-0 0-0 15. Qe2 Rab8 16. g4 c4 17. Kg2 Rfc8 18. g5 Ne8 19. Bg4 Rd8 20. Rfe1 Nc5 21. e5 dxe5 22. fxe5 b5 23. axb5 axb5 24. Nxb5 Rxb5 25. Rxb5 Rxd5 26. Qxc4 Rxd2+ 27. Re2 Rxe2+ 28. Bxe2 Ne6 29. Qxc7 N6xc7 30. Rc5 h6 31. gxh6 Bxh6 32. Kf3 Kg7 33. Ke4 Bd2 34. h4 Ne6 35. Rc8 N8c7 36. Bc4 Be1 37. Bxe6 Nxe6 38. c4 Bf2 39. Kd5 Bxh4 40. c5 Be1 41. c6 Ba5 42. Rb8 Bc7 43. Rb7 g5 44. Ra7 Kg6 45. Ke4 g4 46. Ra2 Kg5 47. Rf2 Nc5+ 48. Kd5 Nd3 49. Rxf7 Nf4+ 50. Ke4 Ne6 51. Rf5+ Kg6 52. Rf1 Kg5 53. Rf5+ Kh4 54. Rf1 g3 55. Kf5 Kh3 56. Kxe6 g2 57. Rg1 Kg3 58. Kxe7 Bxe5 59. Kd7 Kf2 60. Rxg2+ Kxg2 61. c7 Bxc7 1/2-1/2

[Event "Titled Tuesday intern op 08th Mar Early"]
[Site "Chess.com INT"]
[Date "2022.03.08"]
[Round "1"]
[White "Havas, Ladislav"]
[Black "Maevsky, Nikolay"]
[Result "0-1"]
[WhiteElo "2216"]
[BlackElo "2337"]
[PlyCount "68"]
[EventDate "2022.03.08"]
[EventType "swiss (blitz)"]
[EventRounds "11"]
[EventCountry "USA"]
[SourceTitle "CBM 207 Extra"]
[Source "ChessBase"]
[SourceDate "2022.05.31"]
[SourceVersion "1"]
[SourceVersionDate "2022.05.31"]
[SourceQuality "1"]

1. d4 d5 2. Bf4 Nf6 3. e3 c5 4. c3 Nc6 5. Nd2 Bf5 6. Qb3 Qd7 7. Ngf3 c4 8. Qa4 a6 9. h3 b5 10. Qd1 e6 11. Be2 b4 12. 0-0 bxc3 13. bxc3 Ba3 14. Nh4 Bb2 15. Nxf5 exf5 16. Rb1 Bxc3 17. Nf3 0-0 18. Qc2 Ne4 19. Qa4 Rfc8 20. Rfd1 Qe8 21. Rb6 a5 22. Rdb1 Bb4 23. Qc2 Qd8 24. Rb7 h6 25. h4 Bd6 26. Bxd6 Qxd6 27. Qa4 Nc3 28. Qc2 Nxb1 29. Rxb1 Qd7 30. a3 Rab8 31. Rc1 Rb3 32. Qa2 Rcb8 33. Rc2 Qd6 34. g3 Rxa3 0-1

[Event "Titled Tuesday intern op 08th Mar Early"]
[Site "Chess.com INT"]
[Date "2022.03.08"]
[Round "3"]
[White "Quirke, Jeffrey"]
[Black "Havas, Ladislav"]
[Result "0-1"]
[WhiteElo "2086"]
[BlackElo "2216"]
[PlyCount "50"]
[EventDate "2022.03.08"]
[EventType "swiss (blitz)"]
[EventRounds "11"]
[EventCountry "USA"]
[SourceTitle "CBM 207 Extra"]
[Source "ChessBase"]
[SourceDate "2022.05.31"]
[SourceVersion "1"]
[SourceVersionDate "2022.05.31"]
[SourceQuality "1"]

1. c4 Nf6 2. g3 g6 3. Bg2 Bg7 4. Nf3 0-0 5. 0-0 d6 6. Nc3 c6 7. d3 Qa5 8. Rb1 Qh5 9. h4 h6 10. Bd2 e5 11. Qc2 Ng4 12. b4 f5 13. b5 f4 14. Ne4 d5 15. cxd5 cxd5 16. Qb3 Be6 17. Nc5 Bf7 18. Nxb7 e4 19. Bxf4 exf3 20. Bxf3 Nd7 21. Nd6 Be6 22. e4 Rxf4 23. gxf4 Qxh4 24. Bxg4 Qxg4+ 25. Kh2 Qxf4+ 0-1

[Event "Titled Tuesday intern op 21st Dec"]
[Site "Chess.com INT"]
[Date "2021.12.21"]
[Round "2"]
[White "Leiva Rodriguez, Jeammarco Giuseppe"]
[Black "Havas, Ladislav"]
[Result "1-0"]
[WhiteElo "2405"]
[BlackElo "2216"]
[PlyCount "125"]
[EventDate "2021.12.21"]
[EventType "swiss (blitz)"]
[EventRounds "11"]
[EventCountry "USA"]
[SourceTitle "CBM 205 Extra"]
[Source "ChessBase"]
[SourceDate "2022.01.31"]
[SourceVersion "1"]
[SourceVersionDate "2022.01.31"]
[SourceQuality "1"]

1. e4 Nf6 2. e5 Nd5 3. d4 d6 4. exd6 exd6 5. Bd3 Be7 6. Nf3 Nc6 7. h3 0-0 8. 0-0 Ndb4 9. Be2 Bf5 10. Na3 Bf6 11. Bf4 Nd5 12. Bh2 a5 13. Nc4 Bg6 14. Qd2 a4 15. a3 Re8 16. Bd3 Qd7 17. Rfe1 Rxe1+ 18. Rxe1 Re8 19. Bxg6 hxg6 20. Rxe8+ Qxe8 21. Kf1 Qe4 22. c3 Qb1+ 23. Ne1 b5 24. Ne3 Nb6 25. Qc2 Qa1 26. Bg3 Na5 27. Ke2 Nac4 28. Nd1 Qa2 29. Nd3 Qb3 30. Qxb3 axb3 31. Nc1 Na4 32. Nd3 Kf8 33. Bf4 c5 34. dxc5 dxc5 35. Be3 Be7 36. Bc1 Ke8 37. Ne3 Nxe3 38. Kxe3 Kd7 39. Ne5+ Ke6 40. f4 g5 41. Nf3 gxf4+ 42. Kxf4 Bd6+ 43. Ke4 f6 44. Nd2 f5+ 45. Ke3 c4 46. Nf3 Bc5+ 47. Kf4 g6 48. Kg5 Bxa3 49. bxa3 b2 50. Bxb2 Nxb2 51. Nd4+ Kd5 52. Nxb5 Ke4 53. Kxg6 f4 54. h4 Nd3 55. h5 Ne5+ 56. Kg7 Ng4 57. a4 Ne3 58. h6 Nf5+ 59. Kg6 Nxh6 60. Kxh6 Ke3 61. a5 f3 62. gxf3 Kxf3 63. a6 1-0

[Event "Titled Tuesday intern op 13th Apr"]
[Site "Chess.com INT"]
[Date "2021.04.13"]
[Round "3"]
[White "Havas, Ladislav"]
[Black "Grigoryan, Meri"]
[Result "0-1"]
[WhiteElo "2230"]
[BlackElo "2044"]
[PlyCount "68"]
[EventDate "2021.04.13"]
[EventType "swiss (blitz)"]
[EventRounds "11"]
[EventCountry "USA"]
[SourceTitle "CBM 201 Extra"]
[Source "ChessBase"]
[SourceDate "2021.05.31"]
[SourceVersion "1"]
[SourceVersionDate "2021.05.31"]
[SourceQuality "1"]

1. d4 d5 2. Bf4 Nf6 3. e3 c6 4. c4 Bf5 5. Nc3 e6 6. Qb3 Qb6 7. c5 Qxb3 8. axb3 Ne4 9. Bxb8 Rxb8 10. Rxa7 Be7 11. Nf3 0-0 12. Nxe4 Bxe4 13. Nd2 Bc2 14. b4 f6 15. Be2 e5 16. 0-0 Rfe8 17. Bh5 g6 18. Bf3 exd4 19. exd4 Bf8 20. b5 Bd3 21. Rfa1 Bxb5 22. g3 Bh6 23. Nb3 Ba6 24. Na5 Rec8 25. Kg2 Bd2 26. Nb3 Bh6 27. h4 Bc4 28. Na5 Ba6 29. Rd1 Kf7 30. b4 Kf8 31. b5 Bxb5 32. Nxb7 Rc7 33. Rb1 Rcxb7 34. Ra6 Bxa6 0-1

[Event "Titled Tuesday intern op 13th Apr"]
[Site "Chess.com INT"]
[Date "2021.04.13"]
[Round "2"]
[White "Havas, Ladislav"]
[Black "Heinemann, Josefine"]
[Result "0-1"]
[WhiteElo "2230"]
[BlackElo "2296"]
[PlyCount "106"]
[EventDate "2021.04.13"]
[EventType "swiss (blitz)"]
[EventRounds "11"]
[EventCountry "USA"]
[SourceTitle "CBM 201 Extra"]
[Source "ChessBase"]
[SourceDate "2021.05.31"]
[SourceVersion "1"]
[SourceVersionDate "2021.05.31"]
[SourceQuality "1"]

1. d4 Nf6 2. Bf4 g6 3. Nc3 d5 4. e3 Bg7 5. h4 Bg4 6. Be2 Bxe2 7. Ngxe2 h5 8. Qd3 Nbd7 9. f3 c6 10. 0-0-0 b5 11. e4 dxe4 12. Nxe4 Nd5 13. Bd2 N7b6 14. Nf4 a5 15. Nc5 Qd6 16. Nxd5 Nxd5 17. Rhe1 0-0 18. g4 Nb4 19. Qb3 Qxd4 20. Bxb4 Qxb4 21. Qxb4 axb4 22. Kb1 hxg4 23. fxg4 Ra7 24. Re4 Rfa8 25. Rxb4 Rxa2 26. c3 Ra1+ 27. Kc2 Rxd1 28. Kxd1 e6 29. Kc2 Bf8 30. Nd3 Bxb4 31. Nxb4 c5 32. Nd3 c4 33. Ne5 Kg7 34. g5 Rh8 35. Nf3 Rd8 36. Nd4 Rd5 37. b3 e5 38. Nf3 f6 39. bxc4 bxc4 40. Nd2 Rxd2+ 41. Kxd2 fxg5 42. hxg5 Kf7 43. Ke3 Ke6 44. Ke4 Kd6 45. Ke3 Kd5 46. Kf3 e4+ 47. Kf4 e3 48. Kxe3 Ke5 49. Kf3 Kf5 50. Kf2 Kxg5 51. Kg3 Kf5 52. Kf3 g5 53. Kg3 Ke4 0-1

[Event "Titled Tuesday intern op 14th April"]
[Site "Chess.com INT"]
[Date "2020.04.14"]
[Round "1"]
[White "Havas, Ladislav"]
[Black "Petrosyan, Manuel"]
[Result "0-1"]
[WhiteElo "2225"]
[BlackElo "2607"]
[PlyCount "120"]
[EventDate "2020.04.14"]
[EventType "swiss (blitz)"]
[EventRounds "10"]
[EventCountry "USA"]
[SourceTitle "EXT 2021"]
[Source "ChessBase"]
[SourceDate "2020.10.23"]
[SourceVersion "1"]
[SourceVersionDate "2020.10.23"]
[SourceQuality "1"]

1. d4 Nf6 2. Bg5 e6 3. e3 h6 4. Bh4 d5 5. Nd2 c5 6. c3 Nc6 7. Ngf3 Be7 8. Bd3 b6 9. 0-0 Bb7 10. Bb5 0-0 11. Bxc6 Bxc6 12. Ne5 Bb7 13. Ndf3 Ne4 14. Bxe7 Qxe7 15. Nd2 Nd6 16. f4 Rfd8 17. Qg4 f6 18. Ng6 Qf7 19. h4 Nf5 20. Rfe1 a5 21. h5 a4 22. a3 Ba6 23. Nf3 Bd3 24. Nfh4 Nxh4 25. Nxh4 Be4 26. f5 exf5 27. Nxf5 Kh7 28. Rf1 Bxf5 29. Qxf5+ Kg8 30. Rf3 Re8 31. dxc5 bxc5 32. Rd1 Rad8 33. Rg3 Re5 34. Qg4 Rg5 35. Qf3 Rxg3 36. Qxg3 Qxh5 37. Qf3 Qxf3 38. gxf3 Kf7 39. c4 Ke6 40. cxd5+ Rxd5 41. Rc1 Rd3 42. Rxc5 Rxe3 43. Rc4 Rxf3 44. Rxa4 Rb3 45. Re4+ Kf5 46. Re2 g5 47. a4 Rb4 48. a5 Ra4 49. b4 Rxb4 50. Ra2 Rb7 51. a6 Ra7 52. Kf2 h5 53. Kf3 g4+ 54. Kg3 Kg5 55. Ra5+ f5 56. Ra4 h4+ 57. Kg2 Kf6 58. Kf2 Kg6 59. Kg2 h3+ 60. Kg3 Kg5 0-1

[Event "CRO-chT2 Center 26th"]
[Site "Croatia"]
[Date "2017.03.26"]
[Round "1.33"]
[White "Sokac, Marko"]
[Black "Havas, Ladislav"]
[Result "1-0"]
[WhiteElo "2278"]
[BlackElo "2258"]
[PlyCount "73"]
[EventDate "2017.03.26"]
[EventType "team-tourn"]
[EventRounds "11"]
[EventCountry "CRO"]
[SourceTitle "EXT 2019"]
[Source "ChessBase"]
[SourceDate "2018.10.10"]
[SourceVersion "1"]
[SourceVersionDate "2018.10.10"]
[SourceQuality "1"]

1. e4 Nf6 2. Nc3 d5 3. e5 Ne4 4. d4 Nxc3 5. bxc3 c5 6. Nf3 Nc6 7. h3 Bf5 8. Rb1 Qc7 9. dxc5 0-0-0 10. Nd4 Qxe5+ 11. Be3 Bd7 12. Qf3 Qe4 13. Qxf7 Nxd4 14. cxd4 Qxc2 15. Rxb7 Qc3+ 16. Bd2 Qa1+ 17. Ke2 Kxb7 18. Qxd5+ Bc6 19. Qxd8 Qxa2 20. f4 g5 21. fxg5 e5 22. Qf6 Rg8 23. Ke1 Qa1+ 24. Kf2 Qxd4+ 25. Be3 Qd5 26. Kg3 h6 27. h4 h5 28. Qf3 e4 29. Qxh5 Bg7 30. Qe2 Rf8 31. Qa6+ Kb8 32. Be2 Be5+ 33. Kh3 Bc7 34. g3 Bd7+ 35. Kg2 Qb3 36. c6 Bxc6 37. Bxa7+ 1-0

[Event "CRO-chT2 Center 25th"]
[Site "Croatia"]
[Date "2016.10.23"]
[Round "9.24"]
[White "Havas, Ladislav"]
[Black "Sokac, Marko"]
[Result "1/2-1/2"]
[WhiteElo "2251"]
[BlackElo "2162"]
[PlyCount "61"]
[EventDate "2016.03.13"]
[EventType "team-tourn"]
[EventRounds "11"]
[EventCountry "CRO"]
[SourceTitle "EXT 2019"]
[Source "ChessBase"]
[SourceDate "2018.10.10"]
[SourceVersion "1"]
[SourceVersionDate "2018.10.10"]
[SourceQuality "1"]

1. d4 d5 2. c4 e6 3. Nc3 f5 4. Nf3 c6 5. b3 Nf6 6. Bb2 Bd6 7. g3 0-0 8. Bg2 Bd7 9. 0-0 Be8 10. c5 Bc7 11. b4 Nbd7 12. Rb1 Ne4 13. a4 g5 14. Ne5 Nxe5 15. dxe5 Bxe5 16. Nxe4 Bxb2 17. Nxg5 Qxg5 18. Rxb2 a5 19. e3 Qe7 20. Qb3 Bf7 21. Qc3 axb4 22. Rxb4 Ra7 23. Rfb1 Rfa8 24. Bf1 Bh5 25. Qe5 Bf7 26. Qc3 Bg6 27. Bd3 e5 28. h4 e4 29. Be2 Rd8 30. Ra1 Bf7 31. a5 1/2-1/2

[Event "CRO-chT1B 24th"]
[Site "Bol"]
[Date "2015.10.10"]
[Round "8.33"]
[White "Havas, Ladislav"]
[Black "Bender, Ivan"]
[Result "1/2-1/2"]
[WhiteElo "2265"]
[BlackElo "2249"]
[PlyCount "61"]
[EventDate "2015.10.03"]
[EventType "team-tourn"]
[EventRounds "9"]
[EventCountry "CRO"]
[SourceTitle "CBM 168 Extra"]
[Source "ChessBase"]
[SourceDate "2015.10.29"]
[SourceVersion "1"]
[SourceVersionDate "2015.10.29"]
[SourceQuality "1"]
[WhiteTeam "Varazdin"]
[BlackTeam "Dubrovnik"]
[WhiteTeamCountry "CRO"]
[BlackTeamCountry "CRO"]

1. d4 d5 2. c4 e6 3. Nc3 Nf6 4. cxd5 exd5 5. Bg5 Be7 6. e3 0-0 7. Bd3 c6 8. Qc2 Nbd7 9. Nge2 Re8 10. 0-0 Nf8 11. Rae1 Nh5 12. Bxe7 Qxe7 13. a3 a5 14. Rb1 Nf6 15. Ng3 g6 16. Rfe1 Be6 17. Nce2 Rec8 18. b4 axb4 19. axb4 N8d7 20. Qc3 b5 21. Ra1 Rxa1 22. Rxa1 Nb6 23. Nc1 Nc4 24. Nb3 Nd7 25. Nc5 Ndb6 26. Nf1 Qe8 27. Nd2 Nxd2 28. Qxd2 Ra8 29. Qc3 Rxa1+ 30. Qxa1 Qa8 31. Qxa8+ 1/2-1/2

[Event "CRO-chT1B 24th"]
[Site "Bol"]
[Date "2015.10.08"]
[Round "6.43"]
[White "Havas, Ladislav"]
[Black "Bilobrk, Franjo"]
[Result "0-1"]
[WhiteElo "2265"]
[BlackElo "2374"]
[PlyCount "98"]
[EventDate "2015.10.03"]
[EventType "team-tourn"]
[EventRounds "9"]
[EventCountry "CRO"]
[SourceTitle "CBM 168 Extra"]
[Source "ChessBase"]
[SourceDate "2015.10.29"]
[SourceVersion "1"]
[SourceVersionDate "2015.10.29"]
[SourceQuality "1"]
[WhiteTeam "Varazdin"]
[BlackTeam "Bibinje Goran"]
[WhiteTeamCountry "CRO"]
[BlackTeamCountry "CRO"]

1. d4 Nf6 2. c4 e6 3. Nf3 d5 4. g3 dxc4 5. Bg2 Nc6 6. 0-0 Rb8 7. a4 a6 8. Nc3 b5 9. axb5 axb5 10. Bg5 Bd7 11. Ne5 Nxe5 12. dxe5 h6 13. Be3 Nd5 14. Nxd5 exd5 15. Qxd5 Be7 16. Rfd1 c6 17. Qd4 c5 18. Qc3 Qb6 19. e6 Qxe6 20. Bf4 Rd8 21. Bb7 0-0 22. Ra6 Qf5 23. Bc7 Rde8 24. e4 Qh3 25. Be5 Bg4 26. f3 b4 27. Qe3 Bg5 28. Bf4 Bxf4 29. Qxf4 Bc8 30. Ra7 Bxb7 31. Rxb7 Qe6 32. Rc7 Rc8 33. Rd6 Qe8 34. Rdd7 Rxc7 35. Qxc7 Qa8 36. Kg2 Qa2 37. Qxc5 Qxb2+ 38. Kh3 c3 39. Rc7 Qb3 40. Kg2 Qa2+ 41. Kg1 Rd8 42. Rc8 Qd2 43. Qc7 Qd4+ 44. Kg2 Rxc8 45. Qxc8+ Kh7 46. Qf5+ g6 47. Qxf7+ Qg7 48. Qb3 Qc7 49. Qc2 b3 0-1

[Event "CRO-chT1B 24th"]
[Site "Bol"]
[Date "2015.10.03"]
[Round "1.23"]
[White "Havas, Ladislav"]
[Black "Plenkovic, Zdenko"]
[Result "0-1"]
[WhiteElo "2265"]
[BlackElo "2403"]
[PlyCount "76"]
[EventDate "2015.10.03"]
[EventType "team-tourn"]
[EventRounds "9"]
[EventCountry "CRO"]
[SourceTitle "CBM 168 Extra"]
[Source "ChessBase"]
[SourceDate "2015.10.29"]
[SourceVersion "1"]
[SourceVersionDate "2015.10.29"]
[SourceQuality "1"]
[WhiteTeam "Varazdin"]
[BlackTeam "Kastel Stari Sedlar"]
[WhiteTeamCountry "CRO"]
[BlackTeamCountry "CRO"]

1. d4 Nf6 2. c4 g6 3. Nc3 Bg7 4. e4 d6 5. Nf3 0-0 6. Be2 e5 7. d5 a5 8. Bg5 h6 9. Bh4 Na6 10. a3 Bd7 11. b3 Qe8 12. Nd2 h5 13. 0-0 Nh7 14. f3 Bh6 15. Kh1 Be3 16. Qc2 f5 17. exf5 gxf5 18. Bf2 Bxf2 19. Rxf2 Nf6 20. Rg1 Qe7 21. Re1 h4 22. Qb1 Nh5 23. Bd3 Qg7 24. Nd1 Nc5 25. Qb2 Rf6 26. Ne3 Raf8 27. Nef1 Kh8 28. Ne3 e4 29. Bb1 f4 30. Nxe4 fxe3 31. Rxe3 Ng3+ 32. hxg3 hxg3 33. Rd2 Qh6+ 34. Kg1 Qxe3+ 35. Kf1 Qh6 36. Nxg3 Kg8 37. Kf2 Qh4 38. Qc3 R6f7 0-1

[Event "CRO-chT1A"]
[Site "Bol"]
[Date "2014.10.04"]
[Round "1.2"]
[White "Havas, Ladislav"]
[Black "Brumen, Dinko"]
[Result "1-0"]
[WhiteElo "2262"]
[BlackElo "2351"]
[PlyCount "105"]
[EventDate "2014.10.04"]
[EventType "team-tourn"]
[EventRounds "9"]
[EventCountry "CRO"]
[SourceTitle "CBM 162 Extra"]
[Source "ChessBase"]
[SourceDate "2014.10.17"]
[SourceVersion "1"]
[SourceVersionDate "2014.10.17"]
[SourceQuality "1"]
[WhiteTeam "Varazdin"]
[BlackTeam "Zagreb Mladost"]
[WhiteTeamCountry "CRO"]
[BlackTeamCountry "CRO"]

1. d4 d5 2. c4 e6 3. Nc3 Nf6 4. cxd5 exd5 5. Bg5 c6 6. e3 Be7 7. Qc2 Nbd7 8. Bd3 Nf8 9. Nge2 Ne6 10. Bh4 g6 11. 0-0 0-0 12. f3 Re8 13. Rad1 Nh5 14. Bf2 Bh4 15. Ng3 Nxg3 16. hxg3 Bf6 17. b4 a6 18. Na4 Ng7 19. g4 Be7 20. Qb3 Bd6 21. Rfe1 Bc7 22. e4 dxe4 23. Bxe4 Qd6 24. g3 Be6 25. d5 cxd5 26. Bxd5 Bxd5 27. Rxe8+ Rxe8 28. Rxd5 Qf6 29. Nc5 Re2 30. Ne4 Qa1+ 31. Rd1 Qxa2 32. Qxa2 Rxa2 33. Nf6+ Kh8 34. Rd7 Rc2 35. Rxf7 Bd6 36. Rd7 Bxb4 37. Rd8+ Ne8 38. Nxe8 Ba5 39. Rd7 Rd2 40. Rxb7 Bd8 41. f4 h6 42. f5 gxf5 43. gxf5 Kg8 44. Ng7 a5 45. Ne6 Bf6 46. Rb8+ Kh7 47. Ra8 Bc3 48. Ra7+ Kg8 49. Nf4 Rd1+ 50. Kg2 Rd2 51. Ne6 h5 52. Kf3 Ra2 53. Bd4 1-0